000
00477nam a2200145Ia 4500
008
090124s9999 xx 000 0 und d
082
_b
202209
245
_a
कापूस लागवड व व्यापार
250
_a
1
260
_b
उद्यम प्रकाशन
_c
1968
300
_a
205
630
_a
कापूस लागवड व व्यापार
730
_a
कापूस लागवड व व्यापार
942
_c
BOOK
999
_c
183790
_d
183790